[Event "Bretagne-ch U16"]
[Site "Ploermel"]
[Date "2007.02.15"]
[Round "4"]
[White "Renaudin, Antonin"]
[Black "Le Du, Aurelien"]
[Result "1-0"]
[WhiteElo "1639"]
[BlackElo "1600"]
[PlyCount "50"]
[EventDate "2007.02.13"]
[EventType "tourn"]
[EventRounds "6"]
[EventCountry "FRA"]
[SourceTitle "EXT 2008"]
[Source "ChessBase"]
[SourceDate "2007.11.25"]
[SourceVersion "1"]
[SourceVersionDate "2007.11.25"]
[SourceQuality "1"]

1. e4 c5 2. Nf3 d6 3. d4 cxd4 4. Nxd4 Nf6 5. Nc3 g6 6. Be3 Bg7 7. f3 0-0 8. Bc4 a6 9. Qd2 b5 10. Bb3 Bb7 11. 0-0-0 Nbd7 12. g4 Rc8 13. h4 Ne5 14. h5 Nc4 15. Bxc4 Rxc4 16. hxg6 fxg6 17. Ne6 Qc8 18. Nxg7 Rf7 19. Nf5 gxf5 20. gxf5 Rg7 21. Bh6 b4 22. Bxg7 bxc3 23. bxc3 Qc5 24. Bxf6 Qa3+ 25. Kb1 exf6 1-0

[Event "Bretagne-ch U16"]
[Site "Ploermel"]
[Date "2007.02.14"]
[Round "3"]
[White "Bacon, Flavien"]
[Black "Renaudin, Antonin"]
[Result "1-0"]
[WhiteElo "1850"]
[BlackElo "1639"]
[PlyCount "47"]
[EventDate "2007.02.13"]
[EventType "tourn"]
[EventRounds "6"]
[EventCountry "FRA"]
[SourceTitle "EXT 2008"]
[Source "ChessBase"]
[SourceDate "2007.11.25"]
[SourceVersion "1"]
[SourceVersionDate "2007.11.25"]
[SourceQuality "1"]

1. e4 c5 2. Nf3 d6 3. d4 cxd4 4. Nxd4 Nf6 5. Nc3 g6 6. Be3 Bg7 7. f3 0-0 8. Qd2 Nc6 9. g4 e6 10. 0-0-0 d5 11. h4 dxe4 12. Nxe4 Nxe4 13. fxe4 Qc7 14. h5 Rd8 15. hxg6 Nxd4 16. gxf7+ Kxf7 17. Qf2+ Kg8 18. Bxd4 Bxd4 19. Rxd4 Rxd4 20. Qxd4 Qf4+ 21. Kb1 Qg5 22. e5 Qe7 23. Bd3 Qf8 24. Qe4 1-0

[Event "Fouesnant op 12th"]
[Site "Fouesnant"]
[Date "2006.10.30"]
[Round "4"]
[White "Renaudin, Antonin"]
[Black "Chetail, Guillaume"]
[Result "1-0"]
[WhiteElo "1651"]
[BlackElo "1720"]
[PlyCount "69"]
[EventDate "2006.10.28"]
[EventType "swiss"]
[EventRounds "9"]
[EventCountry "FRA"]
[SourceTitle "EXT 2008"]
[Source "ChessBase"]
[SourceDate "2007.11.25"]
[SourceVersion "1"]
[SourceVersionDate "2007.11.25"]
[SourceQuality "1"]

1. e4 c5 2. Nf3 d6 3. d4 cxd4 4. Nxd4 Nc6 5. Nc3 g6 6. Be3 Bg7 7. Bc4 Nf6 8. f3 0-0 9. Qd2 Ne8 10. 0-0-0 Nc7 11. g4 a6 12. h4 Ne5 13. Bb3 Be6 14. Bh6 Bxb3 15. axb3 Nb5 16. Bxg7 Kxg7 17. h5 Nxd4 18. Qxd4 Kg8 19. Qe3 Qc7 20. hxg6 fxg6 21. Rh3 e6 22. Rdh1 Rf7 23. g5 Re8 24. f4 Nc6 25. Rh6 Ree7 26. Qh3 Rg7 27. f5 gxf5 28. exf5 Rxg5 29. Rg6+ Rxg6 30. fxg6 Qd7 31. Ne4 Qc7 32. Nf6+ Kh8 33. Qh6 Qd8 34. Qxh7+ Rxh7 35. Rxh7# 1-0

[Event "Bretagne-ch U16"]
[Site "Sarzeau"]
[Date "2006.02.23"]
[Round "5"]
[White "Renaudin, Antonin"]
[Black "Stephan, Victor"]
[Result "0-1"]
[WhiteElo "1690"]
[BlackElo "1990"]
[PlyCount "64"]
[EventDate "2006.02.21"]
[EventType "swiss"]
[EventRounds "6"]
[EventCountry "FRA"]
[SourceTitle "EXT 2007"]
[Source "ChessBase"]
[SourceDate "2006.11.23"]
[SourceVersion "1"]
[SourceVersionDate "2006.11.23"]
[SourceQuality "1"]

1. e4 e6 2. d4 d5 3. Nc3 Nf6 4. Bg5 Bb4 5. e5 h6 6. exf6 hxg5 7. fxg7 Rg8 8. Qg4 e5 9. Qd1 Nc6 10. Bb5 e4 11. a3 Bxc3+ 12. bxc3 a6 13. Bxc6+ bxc6 14. Qd2 Qf6 15. Ne2 Rxg7 16. Ng3 Rh7 17. Rb1 Be6 18. Qc1 Kd7 19. Qd2 Rah8 20. Nf1 Qe7 21. Qc1 f5 22. g3 Rf7 23. Nd2 f4 24. Nb3 Qd6 25. Nc5+ Ke7 26. Rb7 Kf6 27. h4 gxh4 28. Rxh4 Rxh4 29. gxh4 Rh7 30. Qb2 Rxh4 31. Nxa6 f3 32. c4 Qf4 0-1

[Event "FRA-chT U20a 0405"]
[Site "France"]
[Date "2005.05.14"]
[Round "8.3"]
[White "Renaudin, Antonin"]
[Black "Saatdjian, Stephane"]
[Result "1-0"]
[WhiteElo "1790"]
[BlackElo "1931"]
[PlyCount "107"]
[EventDate "2004.11.19"]
[EventType "team"]
[EventRounds "11"]
[EventCountry "FRA"]
[SourceTitle "EXT 2006"]
[Source "ChessBase"]
[SourceDate "2005.11.24"]
[SourceVersion "1"]
[SourceVersionDate "2005.11.24"]
[SourceQuality "1"]

1. e4 c5 2. Nf3 g6 3. d4 cxd4 4. Nxd4 Bg7 5. Be3 Nc6 6. Nc3 Nf6 7. Bc4 Qa5 8. 0-0 0-0 9. Bb3 d6 10. h3 Bd7 11. Qd2 Rfe8 12. f4 Qc7 13. f5 Ne5 14. Qe2 Bc6 15. Nxc6 bxc6 16. g4 Red8 17. Rad1 Rd7 18. Rd2 Rad8 19. Qd1 Qb7 20. Bf4 Ne8 21. Rff2 Nc7 22. Bxe5 Bxe5 23. fxg6 hxg6 24. Rxf7 e6 25. Rxd7 Rxd7 26. Qe2 Rf7 27. Rd3 Qb6+ 28. Kg2 a6 29. Rf3 Rxf3 30. Qxf3 Qd4 31. Qf2 Qxf2+ 32. Kxf2 Kf7 33. Kf3 Nb5 34. Nxb5 axb5 35. c3 b4 36. cxb4 Bxb2 37. a4 Ba3 38. b5 cxb5 39. axb5 Bc5 40. h4 Kf6 41. h5 gxh5 42. gxh5 e5 43. Kg4 Be3 44. Bd5 Bc5 45. h6 Kg6 46. h7 Kxh7 47. Kf5 Kg7 48. Ke6 Kg6 49. Kd7 Kf6 50. Kc7 Bb4 51. b6 Ba5 52. Kc6 Bxb6 53. Kxb6 Ke7 54. Kc6 1-0

[Event "FRA-chT U20 0405"]
[Site "France"]
[Date "2004.11.21"]
[Round "3.3"]
[White "Renaudin, Antonin"]
[Black "Lambert, Romain"]
[Result "0-1"]
[WhiteElo "1550"]
[BlackElo "1730"]
[PlyCount "42"]
[EventDate "2004.11.20"]
[EventType "team"]
[EventRounds "11"]
[EventCountry "FRA"]
[SourceTitle "CBM 103 Extra"]
[Source "ChessBase"]
[SourceDate "2005.01.01"]
[SourceVersion "1"]
[SourceVersionDate "2005.01.01"]
[SourceQuality "1"]

1. e4 c5 2. Nf3 Nc6 3. d4 cxd4 4. Nxd4 g6 5. Nc3 Bg7 6. Be3 Nf6 7. Bc4 Qa5 8. 0-0 Qb4 9. Bb3 Nxe4 10. Nd5 Qa5 11. Nb5 0-0 12. Qd3 Nf6 13. Bd2 Qd8 14. Bc3 Nxd5 15. Bxg7 Kxg7 16. Bxd5 d6 17. Qc3+ Kg8 18. Rae1 Bd7 19. f4 Qb6+ 20. Re3 Qxb5 21. f5 Qxd5 0-1

[Event "Ile et Vilaine-ch"]
[Site "Ile et Vilaine"]
[Date "2003.05.25"]
[Round "5"]
[White "Renaudin, Antonin"]
[Black "Danet, Claude"]
[Result "0-1"]
[WhiteElo "1420"]
[BlackElo "1470"]
[PlyCount "92"]
[EventDate "2002.10.19"]
[EventType "swiss"]
[EventRounds "7"]
[EventCountry "FRA"]
[SourceTitle "EXT 2008"]
[Source "ChessBase"]
[SourceDate "2007.11.25"]
[SourceVersion "1"]
[SourceVersionDate "2007.11.25"]
[SourceQuality "1"]

1. e4 c5 2. Nf3 Nc6 3. d4 cxd4 4. Nxd4 d6 5. Bb5 Bd7 6. Nc3 g6 7. Be3 Bg7 8. Qd2 Nf6 9. 0-0-0 0-0 10. Bh6 Nxd4 11. Bxd7 Qxd7 12. Bxg7 Nb3+ 13. axb3 Kxg7 14. e5 Ne8 15. Ne4 Qc6 16. Qd4 dxe5 17. Qxe5+ f6 18. Qxe7+ Rf7 19. Qb4 a5 20. Qc4 Qxc4 21. bxc4 Rc8 22. Rd4 b6 23. Rhd1 f5 24. Nd6 Nxd6 25. Rxd6 Rxc4 26. Rxb6 Ra4 27. Rdd6 Ra1+ 28. Kd2 Rg1 29. g3 Rg2 30. Ke3 Rxh2 31. c4 Rc7 32. Rbc6 Rb7 33. Rb6 Rc7 34. Rdc6 Re7+ 35. Kd4 Rxf2 36. c5 Re4+ 37. Kc3 Rf3+ 38. Kd2 Rxg3 39. Rd6 Rg2+ 40. Kc3 Rg3+ 41. Rd3 f4 42. c6 Re8 43. Kc2 Rxd3 44. Kxd3 f3 45. Rb8 Rxb8 46. Ke3 Rf8 0-1